| 000 | 00558nam a2200193Ia 4500 | ||
|---|---|---|---|
| 008 | 151119s9999||||xx |||||||||||||| ||und|| | ||
| 082 | _a928.9146 | ||
| 082 | _bGKKV25504 | ||
| 100 | _aपै शिरीष | ||
| 245 | _aवडिलांच्या सेवेसी | ||
| 260 | _a-- | ||
| 260 | _b-- | ||
| 260 | _c1988 | ||
| 600 | _aपै शिरीष | ||
| 630 | _aवडिलांच्या सेवेसी | ||
| 700 | _aपै शिरीष | ||
| 730 | _aवडिलांच्या सेवेसी | ||
| 942 | _cBOOK | ||
| 999 |
_c1078019 _d1078016 |
||